000 00296nam a22001217a 4500
008 180206b xxu||||| |||| 00| 0 eng d
041 _aeng
080 _a331.101.262
100 _a52
101 _aBNJ
245 _aContemporary readings in organizational behavior
_cLuthans,F
942 _2udc
_cBK
999 _c41932
_d41932